[Event "Women's Baku Chess Olympiad"]
[Site "chess24.com"]
[Date "2016.09.10"]
[Round "8"]
[White "Saumy, Zainab"]
[Black "Musaeva, Shakhnazi"]
[Result "0-1"]
[Board "4"]
[WhiteID "9911316"]
[WhiteElo "1688"]
[WhiteCountry "SRI"]
[WhiteFideId "9911316"]
[WhiteEloChange "-12"]
[BlackID "13801643"]
[BlackElo "1611"]
[BlackCountry "KGZ"]
[BlackFideId "13801643"]
[BlackEloChange "12"]

1. e4 {[%clk 1:30:37]} c5 {[%clk 1:30:32]} 2. Nf3 {[%clk 1:30:26]} d6 {[%clk
1:30:46]} 3. d4 {[%clk 1:30:00]} cxd4 {[%clk 1:31:09]} 4. Nxd4 {[%clk 1:30:09]}
Nf6 {[%clk 1:29:18]} 5. Nc3 {[%clk 1:30:15]} a6 {[%clk 1:28:39]} 6. Bc4 {[%clk
1:29:35]} e6 {[%clk 1:27:58]} 7. Bb3 {[%clk 1:29:42]} b5 {[%clk 1:26:06]} 8. O-O
{[%clk 1:29:56]} Nbd7 {[%clk 1:17:02]} 9. Re1 {[%clk 1:27:50]} Nc5 {[%clk
1:16:28]} 10. Bg5 {[%clk 1:27:26]} Bb7 {[%clk 1:12:27]} 11. a3 {[%clk 1:21:00]}
Be7 {[%clk 1:10:21]} 12. Qf3 {[%clk 1:17:39]} O-O {[%clk 0:58:42]} 13. Ba2 {[%clk
1:15:21]} Qb6 {[%clk 0:52:20]} 14. Rad1 {[%clk 1:11:48]} Kh8 {[%clk 0:49:56]} 15.
b4 {[%clk 1:05:45]} Ncd7 {[%clk 0:48:53]} 16. Qg3 {[%clk 1:04:37]} Rac8 {[%clk
0:48:21]} 17. Nde2 {[%clk 0:57:10]} Bxe4 {[%clk 0:35:59]} 18. Nd4 {[%clk
0:49:27]} Bg6 {[%clk 0:32:48]} 19. Kh1 {[%clk 0:42:06]} Nh5 {[%clk 0:30:59]} 20.
Qh4 {[%clk 0:39:27]} Bxg5 {[%clk 0:30:57]} 21. Qxg5 {[%clk 0:39:55]} Rxc3 {[%clk
0:30:54]} 22. Qd2 {[%clk 0:34:43]} Rfc8 {[%clk 0:27:35]} 23. Bb3 {[%clk 0:33:46]}
Nhf6 {[%clk 0:27:04]} 24. Nxe6 {[%clk 0:30:04]} fxe6 {[%clk 0:26:08]} 25. Rxe6
{[%clk 0:30:21]} Ne4 {[%clk 0:25:53]} 26. Rxe4 {[%clk 0:29:57]} Bxe4 {[%clk
0:26:15]} 27. Re1 {[%clk 0:30:26]} Nf6 {[%clk 0:25:22]} 28. Be6 {[%clk 0:29:24]}
Rxc2 {[%clk 0:25:17]} 29. Qg5 {[%clk 0:29:42]} Qxf2 {[%clk 0:24:37]} 0-1

[Event "Women's Baku Chess Olympiad"]
[Site "chess24.com"]
[Date "2016.09.10"]
[Round "8"]
[White "Wang, Chengjia"]
[Black "Al-Rufaye, Iman Hasan Mohammed"]
[Result "1-0"]
[Board "1"]
[WhiteID "8601844"]
[WhiteElo "2017"]
[WhiteTitle "WFM"]
[WhiteCountry "KOR"]
[WhiteFideId "8601844"]
[WhiteEloChange "10"]
[BlackID "4801067"]
[BlackElo "2001"]
[BlackTitle "WIM"]
[BlackCountry "IRQ"]
[BlackFideId "4801067"]
[BlackEloChange "-10"]

1. e4 {[%clk 1:30:57]} e5 {[%clk 1:30:56]} 2. Nf3 {[%clk 1:31:23]} Nc6 {[%clk
1:31:22]} 3. Bb5 {[%clk 1:31:44]} a6 {[%clk 1:31:47]} 4. Ba4 {[%clk 1:32:10]} Nf6
{[%clk 1:32:11]} 5. O-O {[%clk 1:32:27]} Be7 {[%clk 1:32:29]} 6. Re1 {[%clk
1:32:52]} b5 {[%clk 1:32:51]} 7. Bb3 {[%clk 1:33:17]} d6 {[%clk 1:33:18]} 8. c3
{[%clk 1:33:31]} O-O {[%clk 1:33:28]} 9. h3 {[%clk 1:33:54]} Na5 {[%clk 1:33:50]}
10. Bc2 {[%clk 1:34:18]} c5 {[%clk 1:34:14]} 11. d4 {[%clk 1:34:45]} Qc7 {[%clk
1:34:40]} 12. Nbd2 {[%clk 1:35:03]} Be6 {[%clk 1:34:12]} 13. Nf1 {[%clk 1:34:14]}
b4 {[%clk 1:27:50]} 14. Ne3 {[%clk 1:28:22]} cxd4 {[%clk 1:23:32]} 15. cxd4
{[%clk 1:28:04]} Rfc8 {[%clk 1:23:43]} 16. b3 {[%clk 1:23:10]} exd4 {[%clk
1:13:29]} 17. Nxd4 {[%clk 1:22:17]} Nc6 {[%clk 1:13:15]} 18. Bb2 {[%clk 1:19:44]}
Nxd4 {[%clk 1:04:53]} 19. Bxd4 {[%clk 1:19:10]} Ne8 {[%clk 0:54:48]} 20. Rc1
{[%clk 1:13:19]} Qd7 {[%clk 0:44:45]} 21. f4 {[%clk 1:00:31]} f6 {[%clk 0:42:17]}
22. Qh5 {[%clk 0:52:35]} Bf7 {[%clk 0:40:50]} 23. Qf3 {[%clk 0:51:24]} Nc7 {[%clk
0:35:14]} 24. Nc4 {[%clk 0:36:00]} Nb5 {[%clk 0:29:31]} 25. Bf2 {[%clk 0:32:06]}
Bd8 {[%clk 0:23:05]} 26. e5 {[%clk 0:22:07]} d5 {[%clk 0:18:20]} 27. Qd3 {[%clk
0:19:33]} f5 {[%clk 0:14:56]} 28. e6 {[%clk 0:11:07]} Bxe6 {[%clk 0:14:04]} 29.
Rxe6 {[%clk 0:09:07]} Qxe6 {[%clk 0:13:55]} 30. Re1 {[%clk 0:09:34]} dxc4 {[%clk
0:10:25]} 31. bxc4 {[%clk 0:09:45]} Qxe1+ {[%clk 0:05:50]} 32. Bxe1 {[%clk
0:10:07]} Bb6+ {[%clk 0:05:53]} 33. Kh1 {[%clk 0:09:03]} Rd8 {[%clk 0:03:11]} 34.
Qxf5 {[%clk 0:09:22]} Nd4 {[%clk 0:02:19]} 35. Qxh7+ {[%clk 0:09:36]} Kf8 {[%clk
0:00:37]} 36. Bxb4+ {[%clk 0:09:59]} Kf7 {[%clk 0:00:48]} 37. Bg6+ {[%clk
0:09:26]} Kf6 {[%clk 0:01:04]} 38. Be4 {[%clk 0:09:06]} Rh8 {[%clk 0:00:33]} 39.
Qg6# {[%clk 0:09:29]} 1-0

[Event "Women's Baku Chess Olympiad"]
[Site "chess24.com"]
[Date "2016.09.10"]
[Round "8"]
[White "Jalaluldeen, Kareen Kamal J."]
[Black "Lee, Seyeon"]
[Result "1/2-1/2"]
[Board "2"]
[WhiteID "4801776"]
[WhiteElo "1824"]
[WhiteTitle "WFM"]
[WhiteCountry "IRQ"]
[WhiteFideId "4801776"]
[WhiteEloChange "-6"]
[BlackID "13204149"]
[BlackElo "1577"]
[BlackCountry "KOR"]
[BlackFideId "13204149"]
[BlackEloChange "6"]

1. d4 {[%clk 1:30:57]} d5 {[%clk 1:30:48]} 2. c4 {[%clk 1:31:19]} e6 {[%clk
1:30:24]} 3. Nc3 {[%clk 1:31:10]} Nf6 {[%clk 1:30:25]} 4. Bg5 {[%clk 1:31:16]}
Be7 {[%clk 1:30:17]} 5. Nf3 {[%clk 1:31:36]} O-O {[%clk 1:29:22]} 6. e3 {[%clk
1:31:40]} h6 {[%clk 1:28:31]} 7. Bh4 {[%clk 1:31:58]} b6 {[%clk 1:27:24]} 8. Bd3
{[%clk 1:31:11]} Bb7 {[%clk 1:26:31]} 9. O-O {[%clk 1:31:06]} Nbd7 {[%clk
1:23:30]} 10. Qe2 {[%clk 1:30:08]} c5 {[%clk 1:20:39]} 11. Rfd1 {[%clk 1:27:46]}
Ne4 {[%clk 1:18:11]} 12. Bxe7 {[%clk 1:25:00]} Qxe7 {[%clk 1:18:02]} 13. Rac1
{[%clk 1:21:26]} Rac8 {[%clk 1:08:13]} 14. cxd5 {[%clk 1:18:58]} exd5 {[%clk
1:02:17]} 15. Bb1 {[%clk 1:14:51]} Nxc3 {[%clk 0:40:09]} 16. bxc3 {[%clk
1:09:42]} c4 {[%clk 0:33:00]} 17. Qc2 {[%clk 1:08:08]} g6 {[%clk 0:30:48]} 18.
Re1 {[%clk 1:06:10]} Rfe8 {[%clk 0:27:32]} 19. Qd2 {[%clk 0:57:58]} Qd6 {[%clk
0:22:07]} 20. h3 {[%clk 0:51:15]} b5 {[%clk 0:20:04]} 21. Qb2 {[%clk 0:50:32]}
Bc6 {[%clk 0:19:44]} 22. Nd2 {[%clk 0:48:16]} Re7 {[%clk 0:13:04]} 23. e4 {[%clk
0:46:24]} dxe4 {[%clk 0:10:58]} 24. Bxe4 {[%clk 0:46:17]} Rce8 {[%clk 0:09:28]}
25. Qb1 {[%clk 0:45:21]} Nf6 {[%clk 0:06:46]} 26. Bxc6 {[%clk 0:43:36]} Qxc6
{[%clk 0:06:54]} 27. Rxe7 {[%clk 0:41:54]} Rxe7 {[%clk 0:07:07]} 28. Re1 {[%clk
0:40:35]} Rxe1+ {[%clk 0:05:56]} 29. Qxe1 {[%clk 0:41:00]} Qe8 {[%clk 0:05:37]}
30. Qxe8+ {[%clk 0:31:00]} Nxe8 {[%clk 0:06:01]} 31. Kf1 {[%clk 0:29:53]} f5
{[%clk 0:05:08]} 32. g3 {[%clk 0:27:54]} Nd6 {[%clk 0:04:29]} 33. Ke2 {[%clk
0:26:28]} Kf7 {[%clk 0:04:40]} 34. f3 {[%clk 0:24:50]} Ke6 {[%clk 0:04:13]} 35.
Nf1 {[%clk 0:23:05]} Nc8 {[%clk 0:03:14]} 36. Ne3 {[%clk 0:22:00]} Nb6 {[%clk
0:03:09]} 37. Kd2 {[%clk 0:22:08]} Nd7 {[%clk 0:02:20]} 38. Ng2 {[%clk 0:19:27]}
g5 {[%clk 0:01:42]} 39. a3 {[%clk 0:12:18]} Nf6 {[%clk 0:01:26]} 40. g4 {[%clk
0:41:42]} fxg4 {[%clk 0:31:00]} 41. hxg4 {[%clk 0:40:40]} h5 {[%clk 0:25:53]}
1/2-1/2

[Event "Women's Baku Chess Olympiad"]
[Site "chess24.com"]
[Date "2016.09.10"]
[Round "8"]
[White "Dovchin, Bolortungalag"]
[Black "A-ALI,Sali Abbas Abdulzahra"]
[Result "1/2-1/2"]
[Board "3"]
[WhiteID "13205668"]
[WhiteElo "1544"]
[WhiteCountry "KOR"]
[WhiteFideId "13205668"]
[WhiteEloChange "5"]
[BlackID "4804929"]
[BlackElo "1728"]
[BlackTitle "WFM"]
[BlackCountry "IRQ"]
[BlackFideId "4804929"]
[BlackEloChange "-5"]

1. e4 {[%clk 1:30:55]} e6 {[%clk 1:30:54]} 2. d4 {[%clk 1:31:19]} d5 {[%clk
1:31:18]} 3. exd5 {[%clk 1:31:28]} exd5 {[%clk 1:31:40]} 4. Nf3 {[%clk 1:31:50]}
Bd6 {[%clk 1:32:00]} 5. Bd3 {[%clk 1:31:57]} Nf6 {[%clk 1:31:55]} 6. O-O {[%clk
1:31:43]} O-O {[%clk 1:32:01]} 7. Re1 {[%clk 1:29:09]} Bg4 {[%clk 1:31:57]} 8.
Bg5 {[%clk 1:27:51]} Nbd7 {[%clk 1:31:54]} 9. Nbd2 {[%clk 1:27:37]} c6 {[%clk
1:31:45]} 10. c4 {[%clk 1:23:25]} dxc4 {[%clk 1:30:35]} 11. Nxc4 {[%clk 1:23:29]}
Bb4 {[%clk 1:30:19]} 12. Rf1 {[%clk 1:18:32]} Re8 {[%clk 1:27:57]} 13. a3 {[%clk
1:12:19]} Ba5 {[%clk 1:27:34]} 14. h3 {[%clk 1:12:05]} Bxf3 {[%clk 1:17:53]} 15.
Qxf3 {[%clk 1:11:42]} Bc7 {[%clk 1:17:19]} 16. Rfe1 {[%clk 1:01:25]} Rxe1+ {[%clk
1:09:21]} 17. Rxe1 {[%clk 1:01:45]} Qf8 {[%clk 1:09:15]} 18. Bf5 {[%clk 0:43:05]}
Re8 {[%clk 1:07:01]} 19. Rd1 {[%clk 0:42:55]} g6 {[%clk 1:03:33]} 20. Bxd7 {[%clk
0:42:11]} Nxd7 {[%clk 1:03:51]} 21. Bf4 {[%clk 0:31:19]} Bxf4 {[%clk 1:03:14]}
22. Qxf4 {[%clk 0:31:42]} Re6 {[%clk 1:02:08]} 23. Qc7 {[%clk 0:25:46]} Re7
{[%clk 1:01:33]} 24. Qxb7 {[%clk 0:21:01]} Qe8 {[%clk 1:00:38]} 25. Qxc6 {[%clk
0:18:41]} Re1+ {[%clk 0:59:59]} 26. Rxe1 {[%clk 0:19:04]} Qxe1+ {[%clk 1:00:25]}
27. Kh2 {[%clk 0:19:26]} Qc1 {[%clk 0:59:19]} 28. g3 {[%clk 0:11:12]} Qf1 {[%clk
0:58:57]} 29. Qxd7 {[%clk 0:02:28]} Qxf2+ {[%clk 0:59:19]} 30. Kh1 {[%clk
0:02:28]} Qf1+ {[%clk 0:59:41]} 31. Kh2 {[%clk 0:03:08]} Qf2+ {[%clk 1:00:03]}
1/2-1/2

[Event "Women's Baku Chess Olympiad"]
[Site "chess24.com"]
[Date "2016.09.10"]
[Round "8"]
[White "Al-Fayyadh, Zainab Asif Abdulah"]
[Black "Kim, Yubin"]
[Result "1-0"]
[Board "4"]
[WhiteID "4806476"]
[WhiteElo "1703"]
[WhiteCountry "IRQ"]
[WhiteFideId "4806476"]
[WhiteEloChange "9"]
[BlackID "13202316"]
[BlackElo "1660"]
[BlackCountry "KOR"]
[BlackFideId "13202316"]
[BlackEloChange "-9"]

1. e4 {[%clk 1:30:58]} e5 {[%clk 1:30:44]} 2. Nf3 {[%clk 1:31:25]} Nc6 {[%clk
1:31:03]} 3. Bb5 {[%clk 1:31:49]} a6 {[%clk 1:31:19]} 4. Ba4 {[%clk 1:32:14]} Nf6
{[%clk 1:31:05]} 5. O-O {[%clk 1:32:31]} d6 {[%clk 1:30:58]} 6. Re1 {[%clk
1:27:22]} Be7 {[%clk 1:29:19]} 7. c3 {[%clk 1:27:31]} b5 {[%clk 1:27:18]} 8. Bb3
{[%clk 1:27:31]} Bg4 {[%clk 1:26:16]} 9. d3 {[%clk 1:27:26]} O-O {[%clk 1:24:47]}
10. Nbd2 {[%clk 1:27:18]} Na5 {[%clk 1:21:12]} 11. Bc2 {[%clk 1:27:22]} c5 {[%clk
1:19:38]} 12. Nf1 {[%clk 1:26:49]} Qc7 {[%clk 1:03:22]} 13. h3 {[%clk 1:25:24]}
Be6 {[%clk 0:58:21]} 14. Ng3 {[%clk 1:22:39]} Rad8 {[%clk 0:51:14]} 15. Qe2
{[%clk 1:13:17]} Nc6 {[%clk 0:42:17]} 16. Bg5 {[%clk 0:46:27]} h6 {[%clk
0:27:58]} 17. Be3 {[%clk 0:46:06]} b4 {[%clk 0:13:44]} 18. d4 {[%clk 0:42:50]}
cxd4 {[%clk 0:09:32]} 19. cxd4 {[%clk 0:43:07]} Bc8 {[%clk 0:06:28]} 20. Qc4
{[%clk 0:37:06]} Qb7 {[%clk 0:05:41]} 21. Rac1 {[%clk 0:34:12]} Bd7 {[%clk
0:05:33]} 22. Bd3 {[%clk 0:27:30]} Rc8 {[%clk 0:02:45]} 23. Qxa6 {[%clk 0:24:43]}
Qa8 {[%clk 0:02:31]} 24. dxe5 {[%clk 0:19:24]} Nxe5 {[%clk 0:02:14]} 25. Nxe5
{[%clk 0:19:10]} dxe5 {[%clk 0:02:35]} 26. Nf5 {[%clk 0:17:31]} Bd8 {[%clk
0:01:34]} 27. Rxc8 {[%clk 0:16:54]} Qxc8 {[%clk 0:01:05]} 28. Qxc8 {[%clk
0:17:16]} Bxc8 {[%clk 0:01:31]} 29. Bc5 {[%clk 0:17:13]} Re8 {[%clk 0:01:28]} 30.
Nd6 {[%clk 0:17:23]} Ba5 {[%clk 0:01:21]} 31. Nxe8 {[%clk 0:17:29]} Nxe8 {[%clk
0:01:40]} 32. Rc1 {[%clk 0:17:25]} Be6 {[%clk 0:01:53]} 33. Bc4 {[%clk 0:16:54]}
Nc7 {[%clk 0:01:53]} 34. Bd6 {[%clk 0:16:43]} Bd7 {[%clk 0:01:30]} 35. Bxc7
{[%clk 0:15:08]} Bxc7 {[%clk 0:01:46]} 36. Bxf7+ {[%clk 0:15:18]} Kxf7 {[%clk
0:02:01]} 37. Rxc7 {[%clk 0:15:44]} Ke6 {[%clk 0:02:12]} 38. Rb7 {[%clk 0:15:40]}
g5 {[%clk 0:02:28]} 39. Rxb4 {[%clk 0:15:58]} Bc6 {[%clk 0:02:56]} 40. Rb6 {[%clk
0:45:29]} Kd7 {[%clk 0:33:19]} 41. Rxc6 {[%clk 0:45:42]} Kxc6 {[%clk 0:33:38]}
42. a4 {[%clk 0:45:53]} Kc5 {[%clk 0:33:55]} 43. b3 {[%clk 0:46:15]} Kd4 {[%clk
0:33:42]} 44. a5 {[%clk 0:45:51]} Kc5 {[%clk 0:34:00]} 45. b4+ {[%clk 0:46:18]}
Kb5 {[%clk 0:34:11]} 46. f3 {[%clk 0:46:27]} h5 {[%clk 0:34:18]} 47. Kf2 {[%clk
0:46:40]} Ka6 {[%clk 0:34:24]} 48. g3 {[%clk 0:46:56]} Kb5 {[%clk 0:34:46]} 49.
f4 {[%clk 0:46:52]} exf4 {[%clk 0:34:43]} 50. gxf4 {[%clk 0:47:15]} gxf4 {[%clk
0:34:47]} 51. Kf3 {[%clk 0:47:40]} h4 {[%clk 0:35:09]} 52. Kxf4 {[%clk 0:48:05]}
Kxb4 {[%clk 0:35:18]} 53. a6 {[%clk 0:48:29]} 1-0

[Event "Women's Baku Chess Olympiad"]
[Site "chess24.com"]
[Date "2016.09.10"]
[Round "8"]
[White "Wakuruwarewa, Colletta"]
[Black "Alattar, Ghayda M."]
[Result "0-1"]
[Board "1"]
[WhiteID "11001305"]
[WhiteElo "1716"]
[WhiteCountry "ZIM"]
[WhiteFideId "11001305"]
[WhiteEloChange "-4"]
[BlackID "8101531"]
[BlackElo "1964"]
[BlackTitle "WFM"]
[BlackCountry "JOR"]
[BlackFideId "8101531"]
[BlackEloChange "4"]

1. e4 {[%clk 1:30:51]} e5 {[%clk 1:30:51]} 2. Nf3 {[%clk 1:31:07]} Nc6 {[%clk
1:31:17]} 3. Nc3 {[%clk 1:29:58]} Nf6 {[%clk 1:29:08]} 4. Bc4 {[%clk 1:29:16]}
Nxe4 {[%clk 1:29:10]} 5. Bxf7+ {[%clk 1:26:49]} Kxf7 {[%clk 1:29:30]} 6. Nxe4
{[%clk 1:27:03]} d5 {[%clk 1:29:57]} 7. Neg5+ {[%clk 1:26:50]} Kg8 {[%clk
1:30:22]} 8. d3 {[%clk 1:24:27]} h6 {[%clk 1:30:36]} 9. Nh3 {[%clk 1:23:27]} Bg4
{[%clk 1:30:31]} 10. Qd2 {[%clk 1:22:52]} Bxf3 {[%clk 1:26:17]} 11. gxf3 {[%clk
1:23:17]} Nd4 {[%clk 1:25:26]} 12. Ng1 {[%clk 1:23:16]} Qf6 {[%clk 1:25:15]} 13.
c3 {[%clk 1:22:27]} Nxf3+ {[%clk 1:23:28]} 14. Nxf3 {[%clk 1:20:27]} Qxf3 {[%clk
1:23:56]} 15. Rg1 {[%clk 1:20:42]} Bc5 {[%clk 1:22:23]} 16. Qe2 {[%clk 1:19:16]}
Rf8 {[%clk 1:20:23]} 17. Qxf3 {[%clk 1:18:12]} Rxf3 {[%clk 1:20:47]} 18. Be3
{[%clk 1:17:33]} Bxe3 {[%clk 1:21:06]} 19. fxe3 {[%clk 1:17:51]} Rxe3+ {[%clk
1:21:24]} 20. Kd2 {[%clk 1:17:26]} Rh3 {[%clk 1:21:44]} 21. Rg2 {[%clk 1:17:14]}
Kh7 {[%clk 1:22:03]} 22. Rf1 {[%clk 1:17:33]} Kg8 {[%clk 1:16:15]} 23. Rf5 {[%clk
1:17:51]} e4 {[%clk 1:15:56]} 24. dxe4 {[%clk 1:14:52]} dxe4 {[%clk 1:16:24]} 25.
Rf4 {[%clk 1:15:01]} e3+ {[%clk 1:16:06]} 26. Ke2 {[%clk 1:15:29]} g5 {[%clk
1:15:22]} 27. Rd4 {[%clk 1:14:17]} Rh7 {[%clk 1:15:05]} 28. Re4 {[%clk 1:11:00]}
Rf7 {[%clk 1:15:09]} 29. Rxe3 {[%clk 1:09:54]} Rxe3+ {[%clk 1:15:16]} 30. Kxe3
{[%clk 1:10:17]} Kh7 {[%clk 1:15:29]} 31. Ke4 {[%clk 1:10:22]} Kg6 {[%clk
1:15:26]} 32. Kd5 {[%clk 1:10:34]} Re7 {[%clk 1:14:37]} 33. b4 {[%clk 1:10:01]}
h5 {[%clk 1:11:50]} 34. a4 {[%clk 1:10:23]} g4 {[%clk 1:06:10]} 35. c4 {[%clk
1:10:25]} Re3 {[%clk 1:04:49]} 36. Kd4 {[%clk 1:10:15]} Re7 {[%clk 1:02:57]} 37.
c5 {[%clk 1:09:43]} c6 {[%clk 1:00:35]} 38. Rf2 {[%clk 1:05:07]} Rf7 {[%clk
0:53:40]} 39. Re2 {[%clk 1:01:04]} Rd7+ {[%clk 0:54:00]} 40. Kc4 {[%clk 1:31:23]}
Kf6 {[%clk 1:22:50]} 41. b5 {[%clk 1:27:07]} h4 {[%clk 1:18:49]} 42. bxc6 {[%clk
1:26:37]} bxc6 {[%clk 1:19:14]} 43. Re8 {[%clk 1:25:36]} g3 {[%clk 1:18:46]} 44.
Re2 {[%clk 1:21:46]} Rg7 {[%clk 1:18:29]} 45. hxg3 {[%clk 1:19:45]} hxg3 {[%clk
1:18:39]} 46. Rg2 {[%clk 1:20:10]} Ke5 {[%clk 1:18:57]} 47. Re2+ {[%clk 1:19:08]}
Kf4 {[%clk 1:18:57]} 48. Re6 {[%clk 1:18:39]} g2 {[%clk 1:19:13]} 49. Rxc6 {[%clk
1:18:36]} g1Q {[%clk 1:19:28]} 50. Rd6 {[%clk 1:19:01]} Qc1+ {[%clk 1:19:27]} 51.
Kb5 {[%clk 1:16:50]} Qb2+ {[%clk 1:19:14]} 52. Ka5 {[%clk 1:16:46]} Rc7 {[%clk
1:17:35]} 53. Rd5 {[%clk 1:14:57]} Rxc5+ {[%clk 1:17:45]} 0-1

[Event "Women's Baku Chess Olympiad"]
[Site "chess24.com"]
[Date "2016.09.10"]
[Round "8"]
[White "Boshra, Alshaeby"]
[Black "Zengeni, Tatenda Melisa"]
[Result "1-0"]
[Board "2"]
[WhiteID "8102937"]
[WhiteElo "1983"]
[WhiteTitle "WFM"]
[WhiteCountry "JOR"]
[WhiteFideId "8102937"]
[WhiteEloChange "3"]
[BlackID "11001313"]
[BlackElo "1649"]
[BlackCountry "ZIM"]
[BlackFideId "11001313"]
[BlackEloChange "-3"]

1. d4 {[%clk 1:30:58]} Nf6 {[%clk 1:30:52]} 2. c4 {[%clk 1:31:22]} e6 {[%clk
1:31:15]} 3. Nf3 {[%clk 1:31:47]} d5 {[%clk 1:29:39]} 4. e3 {[%clk 1:32:05]} Be7
{[%clk 1:29:43]} 5. Bd3 {[%clk 1:32:29]} O-O {[%clk 1:29:58]} 6. O-O {[%clk
1:32:56]} b6 {[%clk 1:29:18]} 7. Nc3 {[%clk 1:32:53]} Bb7 {[%clk 1:28:12]} 8. Qc2
{[%clk 1:32:53]} Nbd7 {[%clk 1:24:21]} 9. cxd5 {[%clk 1:30:16]} exd5 {[%clk
1:24:02]} 10. b3 {[%clk 1:24:52]} Re8 {[%clk 1:23:21]} 11. Bb2 {[%clk 1:15:26]}
a6 {[%clk 1:18:44]} 12. Ne5 {[%clk 1:01:39]} Bf8 {[%clk 1:13:19]} 13. f4 {[%clk
0:58:59]} g6 {[%clk 1:08:45]} 14. Rae1 {[%clk 0:46:03]} c5 {[%clk 1:05:07]} 15.
Qf2 {[%clk 0:45:14]} b5 {[%clk 1:03:43]} 16. g4 {[%clk 0:31:14]} c4 {[%clk
0:53:42]} 17. Bb1 {[%clk 0:29:39]} b4 {[%clk 0:49:12]} 18. Na4 {[%clk 0:29:21]}
c3 {[%clk 0:48:30]} 19. Bc1 {[%clk 0:29:44]} Rc8 {[%clk 0:48:08]} 20. g5 {[%clk
0:29:23]} Ne4 {[%clk 0:45:33]} 21. Bxe4 {[%clk 0:29:09]} dxe4 {[%clk 0:45:40]}
22. Kh1 {[%clk 0:23:07]} Nb6 {[%clk 0:35:12]} 23. Nxb6 {[%clk 0:23:05]} Qxb6
{[%clk 0:35:35]} 24. Nd7 {[%clk 0:23:17]} Qd8 {[%clk 0:29:47]} 25. Nf6+ {[%clk
0:23:30]} Kh8 {[%clk 0:29:30]} 26. Qh4 {[%clk 0:21:53]} h5 {[%clk 0:27:44]} 27.
Nxe8 {[%clk 0:17:37]} Qxe8 {[%clk 0:27:55]} 28. f5 {[%clk 0:17:22]} Be7 {[%clk
0:23:01]} 29. Qg3 {[%clk 0:14:09]} Kg8 {[%clk 0:21:49]} 30. Rf2 {[%clk 0:11:04]}
Qd8 {[%clk 0:19:06]} 31. fxg6 {[%clk 0:09:55]} fxg6 {[%clk 0:18:53]} 32. Ref1
{[%clk 0:09:40]} Bd6 {[%clk 0:15:37]} 33. Qh3 {[%clk 0:09:34]} Bd5 {[%clk
0:14:26]} 34. Rf6 {[%clk 0:09:22]} Rc7 {[%clk 0:06:44]} 35. Rxg6+ {[%clk
0:08:59]} Rg7 {[%clk 0:05:16]} 36. Qxh5 {[%clk 0:08:19]} Qc7 {[%clk 0:03:25]} 37.
Rh6 {[%clk 0:07:25]} Rh7 {[%clk 0:01:55]} 38. Qg6+ {[%clk 0:07:37]} Rg7 {[%clk
0:00:40]} 39. Qe8+ {[%clk 0:07:37]} 1-0

[Event "Women's Baku Chess Olympiad"]
[Site "chess24.com"]
[Date "2016.09.10"]
[Round "8"]
[White "Pasipanodya, Valentine"]
[Black "Fuad Kamel Jamaliah, Natalie"]
[Result "0-1"]
[Board "3"]
[WhiteID "11000546"]
[WhiteElo "1594"]
[WhiteCountry "ZIM"]
[WhiteFideId "11000546"]
[WhiteEloChange "-2"]
[BlackID "724190"]
[BlackElo "2064"]
[BlackTitle "WIM"]
[BlackCountry "JOR"]
[BlackFideId "724190"]
[BlackEloChange "2"]

1. e4 {[%clk 1:30:53]} c5 {[%clk 1:30:55]} 2. Nf3 {[%clk 1:31:16]} e6 {[%clk
1:30:46]} 3. Nc3 {[%clk 1:31:22]} a6 {[%clk 1:29:41]} 4. d4 {[%clk 1:31:25]} cxd4
{[%clk 1:30:05]} 5. Nxd4 {[%clk 1:31:47]} Qc7 {[%clk 1:29:01]} 6. Be2 {[%clk
1:31:18]} b5 {[%clk 1:18:51]} 7. O-O {[%clk 1:30:09]} Bb7 {[%clk 1:18:38]} 8. Bf3
{[%clk 1:22:44]} Nc6 {[%clk 1:12:23]} 9. Be3 {[%clk 1:12:45]} Bb4 {[%clk
1:07:25]} 10. Nxc6 {[%clk 1:01:53]} Bxc3 {[%clk 0:58:15]} 11. Bd4 {[%clk
0:56:06]} Bxd4 {[%clk 0:45:49]} 12. Nxd4 {[%clk 0:55:08]} Ne7 {[%clk 0:44:53]}
13. Rc1 {[%clk 0:49:49]} O-O {[%clk 0:44:50]} 14. Re1 {[%clk 0:45:32]} d6 {[%clk
0:41:03]} 15. Qd2 {[%clk 0:44:08]} Ng6 {[%clk 0:40:59]} 16. c3 {[%clk 0:41:18]}
Rfd8 {[%clk 0:40:02]} 17. Qg5 {[%clk 0:36:12]} Ne5 {[%clk 0:35:38]} 18. h4 {[%clk
0:35:52]} Nd3 {[%clk 0:33:25]} 19. h5 {[%clk 0:35:36]} h6 {[%clk 0:33:27]} 20.
Qg3 {[%clk 0:34:34]} Nxc1 {[%clk 0:32:57]} 21. Rxc1 {[%clk 0:34:55]} Qe7 {[%clk
0:33:16]} 22. Re1 {[%clk 0:34:19]} Qg5 {[%clk 0:32:17]} 23. Qxg5 {[%clk 0:29:59]}
hxg5 {[%clk 0:32:42]} 24. g4 {[%clk 0:29:53]} Kf8 {[%clk 0:32:03]} 25. Kf1 {[%clk
0:30:09]} Rac8 {[%clk 0:32:04]} 26. Ke2 {[%clk 0:30:10]} d5 {[%clk 0:28:32]} 27.
exd5 {[%clk 0:29:21]} Bxd5 {[%clk 0:28:54]} 28. Bxd5 {[%clk 0:29:10]} Rxd5 {[%clk
0:29:18]} 29. a3 {[%clk 0:28:02]} Re5+ {[%clk 0:29:21]} 30. Kd2 {[%clk 0:28:07]}
Rxe1 {[%clk 0:29:28]} 31. Kxe1 {[%clk 0:28:23]} Ke7 {[%clk 0:29:40]} 32. Ke2
{[%clk 0:27:19]} Kf6 {[%clk 0:29:41]} 33. Ke3 {[%clk 0:20:53]} Rd8 {[%clk
0:28:15]} 34. Ke2 {[%clk 0:19:52]} Rd6 {[%clk 0:26:58]} 35. Nb3 {[%clk 0:19:01]}
Rd5 {[%clk 0:25:36]} 36. Nd4 {[%clk 0:17:27]} Ke5 {[%clk 0:23:02]} 37. Ke3 {[%clk
0:15:33]} f5 {[%clk 0:21:50]} 38. gxf5 {[%clk 0:10:43]} exf5 {[%clk 0:22:10]} 39.
Nc6+ {[%clk 0:10:15]} Kf6 {[%clk 0:22:27]} 40. Nd4 {[%clk 0:40:42]} Rd6 {[%clk
0:49:50]} 41. b3 {[%clk 0:39:17]} Rd8 {[%clk 0:48:48]} 42. c4 {[%clk 0:35:57]}
bxc4 {[%clk 0:46:27]} 43. bxc4 {[%clk 0:36:19]} Rc8 {[%clk 0:46:48]} 44. Kd3
{[%clk 0:36:33]} g4 {[%clk 0:47:04]} 45. a4 {[%clk 0:36:00]} Ke5 {[%clk 0:46:32]}
46. Kc3 {[%clk 0:35:56]} f4 {[%clk 0:46:43]} 47. a5 {[%clk 0:35:46]} Rc7 {[%clk
0:45:13]} 48. Ne2 {[%clk 0:30:13]} Ke4 {[%clk 0:44:32]} 49. Nd4 {[%clk 0:30:25]}
Ke5 {[%clk 0:44:27]} 50. Ne2 {[%clk 0:30:39]} Rd7 {[%clk 0:44:50]} 51. c5 {[%clk
0:30:49]} Ke4 {[%clk 0:44:52]} 52. c6 {[%clk 0:29:35]} Rc7 {[%clk 0:45:03]} 53.
Nd4 {[%clk 0:29:47]} g3 {[%clk 0:44:48]} 54. fxg3 {[%clk 0:29:53]} fxg3 {[%clk
0:45:10]} 55. Kc4 {[%clk 0:30:17]} g2 {[%clk 0:45:11]} 56. Kc5 {[%clk 0:30:37]}
g1Q {[%clk 0:45:28]} 57. Kb6 {[%clk 0:30:08]} Rxc6+ {[%clk 0:45:41]} 58. Kxc6
{[%clk 0:30:28]} Qxd4 {[%clk 0:46:07]} 59. Kb7 {[%clk 0:30:22]} Qc4 {[%clk
0:46:25]} 60. Kb6 {[%clk 0:30:39]} Kf5 {[%clk 0:46:40]} 0-1